Name the Band Members of These Famous Bands - Statistics

General Stats
  • This quiz has been taken 33 times
  • The average score is 26 of 61
Answer Stats
Hint Answer % Correct
Vocals, Piano, Keys, Guitar Freddie Mercury
100%
Vocals, Guitar, Keys, Harmonica, Bass John Lennon
97%
Vocals, Bass, Guitar, Keys, Drums Paul McCartney
97%
Drums, Percussion, Vocals Ringo Starr
97%
Guitars, Vocals, Sitar, Keys, Bass George Harrison
93%
Vocals, Guitar Kurt Cobain
93%
Vocals, Piano, Percussion Axl Rose
90%
Vocals, Bass, Keys Sting
90%
Guitar, Vocals, Keys, Bass Brian May
80%
Guitar Jimmy Page
80%
Vocals, Harmonica Robert Plant
80%
Drums, Vocals Dave Grohl
77%
Vocals, Harmonica, Percussion Jim Morrison
77%
Guitar, Vocals Slash
77%
Guitar, Vocals, Bass, Keys, Synth David Gilmour
63%
Bass, Keys John Paul Jones
63%
Drums, Vocals, Percussion, Guitar, Keys, Bass Roger Taylor
60%
Drums, Percussion John Bonham
57%
Bass, Guitar, Keys, Vocals John Deacon
57%
Bass, Vocals, Guitar, Synth Roger Waters
57%
Bass, Vocals, Accordion Krist Novoselic
53%
Vocals, Guitar Lou Reed
53%
Guitar, Vocals Sterling Morrison
50%
Keys, Piano, Vocals, Percussion Dizzy Reed
47%
Bass, Vocals, Trumpet, Keys Flea
43%
Drums, Percussion, Vocals Stewart Copeland
43%
Vocals, Guitar James Hetfield
40%
Drums Lars Ulrich
40%
Keys, Organ, Vocals Ray Manzarek
40%
Vocals Anthony Kiedis
37%
Guitar, Vocals, Keys Andy Summers
33%
Drums, Percussion Chad Smith
33%
Drums, Percussion, Keys, Vocals Tommy Lee
33%
Vocals, Guitar, Keys, Bass Billy Corgan
30%
Guitar, Vocals Robby Krieger
30%
Bass, Vocals Duff McKagan
27%
Drums, Percussion Nick Mason
27%
Bass, Keys, Vocals Nikki Sixx
27%
Keys, Synth, Vocals Richard Wright
27%
Guitar, Vocals Kirk Hammett
23%
Drums, Percussion, Vocals Steven Adler
23%
Vocals, Guitar Vince Neil
23%
Drums, Percussion, Vocals John Densmore
20%
Vocals Ronnie Van Zant
20%
Bass, Vocals Cliff Burton
17%
Bass, Vocals D'arcy Wretzky
17%
Guitar, Vocals, Keys John Frusciante
17%
Guitar, Vocals Mick Mars
17%
Guitar, Bass, Vocals James Iha
13%
Drums, Percussion Moe Tucker
13%
Bass, Vocals Robert Trujillo
13%
Guitar Allen Collins
10%
Keys Billy Powell
10%
Guitar, Bass, Vocals Ed King
10%
Drums Jimmy Chamberlin
10%
Viola, Bass, Keys, Vocals John Cale
10%
Drums Bob Burns
7%
Guitar Gary Rossington
7%
Guitar, Vocals Steve Gaines
7%
Bass, Vocals Leon Wilkeson
3%
Guitar, Drums, Vocals, Mandolin Rickey Medlocke
3%
No matching quizzes found
Score Distribution
Percent of People with Each Score
Percentile by Number Answered
Your Score History
You have not taken this quiz